000 00306nam a22001337a 4500
008 171003b xxu||||| |||| 00| 0 eng d
020 _a9780738601724
041 _aeng
080 _a159.9
100 _a48
101 _aPSI
245 _aCLEP COLLEGE EXAMINATION PROGRAM
_cLENGH.F
942 _2udc
_cBK
999 _c31496
_d31496